Central Library OPAC University of Rajshahi

হুমায়ূন কবিরের নদী ও নারী : (Record no. 80026)

MARC details
000 -LEADER
fixed length control field 00958nam a2200229 a 4500
001 - CONTROL NUMBER
control field 80026
003 - CONTROL NUMBER IDENTIFIER
rucl marc code BD-RjUL
005 - DATE AND TIME OF LATEST TRANSACTION
control field 20220623110744.0
008 - FIXED-LENGTH DATA ELEMENTS--GENERAL INFORMATION
fixed length control field 220622s2021 bg ||||| |||| 00| 0 ben d
020 ## - INTERNATIONAL STANDARD BOOK NUMBER
International Standard Book Number 9847000004154
035 ## - SYSTEM CONTROL NUMBER
System control number (BD-RjUL)80026
040 ## - CATALOGING SOURCE
Original cataloging agency BD-RjUL
Language of cataloging eng
Transcribing agency BD-RjUL
041 ## - LANGUAGE CODE
Language code of text/sound track or separate title ben
082 ## - DEWEY DECIMAL CLASSIFICATION NUMBER
Edition number 23
Classification number 891.443
Author mark and year HUM 2021
245 ## - TITLE STATEMENT
Title হুমায়ূন কবিরের নদী ও নারী :
Remainder of title প্রকৃতি ও সংগ্রামী সত্তার দুই ডানা /
Statement of responsibility, etc. সম্পাদনা মোহাম্মদ শাকেরউল্লাহ
260 ## - PUBLICATION, DISTRIBUTION, ETC. (IMPRINT)
Place of publication, distribution, etc. ঢাকা :
Name of publisher, distributor, etc. জাতীয় সাহিত্য প্রকাশ
Date of publication, distribution, etc. ২০২১
300 ## - PHYSICAL DESCRIPTION
Pagination ৩৩৪ পৃ.;
Size ২২ সেমি.
650 ## - SUBJECT ADDED ENTRY--TOPICAL TERM
Topical term or geographic name as entry element বাংলা উপন্যাস
Topical term or geographic name as entry element Bengali novels
700 ## - ADDED ENTRY--PERSONAL NAME
Personal name শাকেরউল্লাহ, মোহাম্মদ
942 ## - ADDED ENTRY ELEMENTS (KOHA)
Source of classification or shelving scheme Dewey Decimal Classification
Koha item type Books
Holdings
Lost status Source of classification or shelving scheme Damaged status Not for loan Collection code Permanent Location Current Location Shelving location Date acquired Source of acquisition Cost, normal purchase price Total Checkouts Full call number Date last seen Copy number Koha item type
  Dewey Decimal Classification   Not For Loan Non-fiction Central Library, University of Rajshahi Central Library, University of Rajshahi Reading Room 19/04/2022 Jatiya Sahitya Prakash, Dhaka 350.00   B 891.443 HUM 2021 23/06/2022 C-1 Books
  Dewey Decimal Classification     Non-fiction Central Library, University of Rajshahi Central Library, University of Rajshahi General Stacks 19/04/2022 Jatiya Sahitya Prakash, Dhaka 350.00   B 891.443 HUM 2021 23/06/2022 C-2 Books